[Event "Sevastopol Waltz"]
[Site "Sevastopol"]
[Date "2021.08.23"]
[Round "7"]
[White "Zykov, Dmitry"]
[Black "Voronin, Andrey"]
[Result "1-0"]
[WhiteElo "2011"]
[BlackElo "1816"]
[PlyCount "101"]
[EventDate "2021.08.17"]
[EventType "swiss"]
[EventRounds "9"]
[EventCountry "UKR"]
[SourceTitle "CBM 203 Extra"]
[Source "ChessBase"]
[SourceDate "2021.09.30"]
[SourceVersion "1"]
[SourceVersionDate "2021.09.30"]
[SourceQuality "1"]

1. d4 Nf6 2. c4 e6 3. Nf3 b6 4. g3 Bb7 5. Bg2 Bb4+ 6. Nbd2 0-0 7. 0-0 Be7 8. Qc2 d5 9. Ne5 Nfd7 10. Ndf3 Nxe5 11. Nxe5 f6 12. Nd3 Na6 13. a3 c5 14. Nf4 Nc7 15. dxc5 Bxc5 16. cxd5 exd5 17. Rd1 Rf7 18. b4 Bf8 19. Nxd5 Nxd5 20. Bxd5 Bxd5 21. e4 Rd7 22. exd5 a5 23. Rb1 Rc8 24. Qe2 axb4 25. axb4 Qe8 26. Be3 Rcd8 27. Qc4 Qf7 28. Bxb6 Rxd5 29. Rxd5 Rxd5 30. Qc8 Qd7 31. Qxd7 Rxd7 32. b5 Rb7 33. Be3 Kf7 34. b6 Ke6 35. Rd1 Be7 36. Kf1 Rd7 37. Rb1 Rb7 38. Ke2 Bd8 39. Kd3 Kd6 40. Kc4 Kc6 41. Ra1 f5 42. Ra7 g6 43. Rxb7 Kxb7 44. Kd5 Bf6 45. Ke6 Bc3 46. f4 Kc6 47. Kf7 Kb7 48. Kg8 h5 49. Kf7 h4 50. gxh4 Be1 51. Kxg6 1-0

[Event "Sevastopol Waltz"]
[Site "Sevastopol"]
[Date "2021.08.22"]
[Round "6"]
[White "Zykov, Dmitry"]
[Black "Zhukov, Anton"]
[Result "0-1"]
[WhiteElo "2011"]
[BlackElo "2248"]
[PlyCount "92"]
[EventDate "2021.08.17"]
[EventType "swiss"]
[EventRounds "9"]
[EventCountry "UKR"]
[SourceTitle "CBM 203 Extra"]
[Source "ChessBase"]
[SourceDate "2021.09.30"]
[SourceVersion "1"]
[SourceVersionDate "2021.09.30"]
[SourceQuality "1"]

1. d4 Nf6 2. c4 e6 3. Nf3 Bb4+ 4. Nbd2 0-0 5. a3 Be7 6. e4 d6 7. Be2 Nbd7 8. b4 e5 9. dxe5 dxe5 10. Bb2 Re8 11. 0-0 b6 12. Nxe5 Nxe5 13. Bxe5 Bb7 14. Bf3 Bxb4 15. Bxf6 Qxd2 16. axb4 Qxd1 17. Rfxd1 gxf6 18. Rd7 Bxe4 19. Bxe4 Rxe4 20. Rxc7 a5 21. g3 a4 22. Rb7 Rxc4 23. Rxb6 a3 24. Ra2 Rc1+ 25. Kg2 Rb1 26. b5 Rb4 27. Rb7 Rb2 28. Ra1 a2 29. b6 Rb3 30. f4 Kg7 31. Kh3 Ra5 32. Kg4 h6 33. Kh3 Rh5+ 34. Kg4 Kg6 35. h4 f5+ 36. Kh3 Rxh4+ 37. Kg2 Rg4 38. Rxa2 Rgxg3+ 39. Kh2 Rh3+ 40. Kg2 Rhg3+ 41. Kh2 Rgf3 42. Rd2 Rxf4 43. Rd6+ f6 44. Rc7 Rf2+ 45. Kg1 Ra2 46. Rc1 Rbb2 0-1

[Event "Sevastopol Waltz"]
[Site "Sevastopol"]
[Date "2021.08.21"]
[Round "5"]
[White "Kiselev, Pavel"]
[Black "Zykov, Dmitry"]
[Result "1-0"]
[WhiteElo "2336"]
[BlackElo "2011"]
[PlyCount "59"]
[EventDate "2021.08.17"]
[EventType "swiss"]
[EventRounds "9"]
[EventCountry "UKR"]
[SourceTitle "CBM 203 Extra"]
[Source "ChessBase"]
[SourceDate "2021.09.30"]
[SourceVersion "1"]
[SourceVersionDate "2021.09.30"]
[SourceQuality "1"]

1. d4 Nf6 2. Bf4 c5 3. e3 Qb6 4. Nc3 cxd4 5. exd4 Nc6 6. d5 e5 7. dxc6 exf4 8. Qe2+ Be7 9. cxd7+ Bxd7 10. 0-0-0 a6 11. Nh3 Qc7 12. Qc4 Qxc4 13. Bxc4 Bxh3 14. gxh3 0-0 15. Rd4 b5 16. Be2 b4 17. Nd1 Rfe8 18. Bf3 Rad8 19. Rxf4 Nd7 20. Rg1 Ne5 21. Be2 Bd6 22. Rf5 a5 23. Ne3 Bc7 24. h4 Rd4 25. h5 Rh4 26. Nd5 Bd8 27. Bb5 Re6 28. Nf4 Nf3 29. Nxe6 Nxg1 30. Nxd8 1-0

[Event "Sevastopol Waltz"]
[Site "Sevastopol"]
[Date "2021.08.19"]
[Round "3"]
[White "Bukreev, Stanislav"]
[Black "Zykov, Dmitry"]
[Result "0-1"]
[WhiteElo "1623"]
[BlackElo "2011"]
[PlyCount "82"]
[EventDate "2021.08.17"]
[EventType "swiss"]
[EventRounds "9"]
[EventCountry "UKR"]
[SourceTitle "CBM 203 Extra"]
[Source "ChessBase"]
[SourceDate "2021.09.30"]
[SourceVersion "1"]
[SourceVersionDate "2021.09.30"]
[SourceQuality "1"]

1. d4 Nf6 2. c4 e6 3. Nf3 b6 4. e3 Bb7 5. Bd3 c5 6. 0-0 cxd4 7. Nxd4 Be7 8. Nc3 0-0 9. b3 d5 10. cxd5 Nxd5 11. Bb2 Nc6 12. Nxd5 Qxd5 13. Nxc6 Bxc6 14. Qg4 g6 15. Bc4 Qd2 16. Bd4 Bb7 17. Rfd1 Qa5 18. Rac1 b5 19. Bc3 b4 20. Ba1 Rad8 21. Rxd8 Rxd8 22. Rd1 Rxd1+ 23. Qxd1 Qxa2 24. Qd4 Qb1+ 25. Bf1 f6 26. Qxa7 Qe4 27. Qd4 Qxd4 28. Bxd4 Bd5 29. Bc4 Bxc4 30. bxc4 e5 31. Bb2 e4 32. Kf1 Kf7 33. Ke2 Ke6 34. Kd2 Bd6 35. h3 Be5 36. Bxe5 Kxe5 37. g3 Kd6 38. Kc2 Kc5 39. Kb3 g5 40. h4 gxh4 41. gxh4 h5 0-1